000
00315nam a22001337a 4500
008
170201b xxu||||| |||| 00| 0 eng d
020
_a
9781930808454
041
_a
eng
080
_2
38TH
_a
61
100
_a
3
101
_a
SHM
245
_a
THE SANFORD GUIDE TO ANTIMICROBAL THERAPY
_c
GILBERT, D.N
942
_2
udc
_c
BK
999
_c
4206
_d
4206